| 000 | 01796nam a2200433Ii 4500 | ||
|---|---|---|---|
| 001 | DIGUNSAL0177 | ||
| 003 | NyNyDIG0 | ||
| 006 | m o d | ||
| 007 | cr ||||||||||| | ||
| 008 | 220226s2017 sp a ob 000 0 spa d | ||
| 035 | _a(OCoLC)1035433955 | ||
| 040 |
_aDGITA _beng _erda _epn _cDGITA |
||
| 020 | _z9788490128350 | ||
| 050 | 1 | 4 | _aQA159 ebook |
| 082 | 0 | 4 | _a372.7 |
| 100 | 1 |
_aVargas Hernández, Jeannette, _eauthor. |
|
| 245 | 1 | 0 |
_aAnálisis de la práctica del docente universitario de precálculo : _bestudio de casos en la enseñanza de las funciones exponenciales / _cJeannette Vargas Hernández. |
| 264 | 1 |
_aSalamanca : _bEdiciones Universidad de Salamanca, _c[2017] |
|
| 300 |
_a1 online resource : _billustrations. |
||
| 336 |
_atext _2rdacontent |
||
| 337 |
_acomputer _bc _2rdamedia |
||
| 338 |
_aonline resource _bcr _2rdacarrier |
||
| 347 |
_atext file _2rdaft |
||
| 347 | _bPDF | ||
| 490 | 1 |
_aColección Vítor ; _v429 |
|
| 504 | _aIncludes bibliographical references. | ||
| 588 | 0 | _aOnline resource; title from PDF title page (Digitalia, viewed February 26, 2022) | |
| 650 | 0 | _aPrecalculus. | |
| 650 | 0 | _aExponential functions. | |
| 650 | 0 |
_aMathematical analysis _xStudy and teaching. |
|
| 655 | 0 | _aElectronic books. | |
| 776 | 0 | 8 |
_iPrint version: _aVargas Hernández, Jeannette. _tAnálisis de la práctica del docente universitario de precálculo. _b1a edición. _dSalamanca : Ediciones Universidad de Salamanca, diciembre 2017 _z9788490128350 |
| 791 | 2 |
_aDigitalia (Firm), _edistributor. |
|
| 793 | 0 |
_gDigitalia eBook Collection: _aEdiciones Universidad de Salamanca |
|
| 830 | 0 |
_aColección Vítor ; _v429. |
|
| 856 | 4 | 0 |
_3Digitalia Hispánica _uhttps://www.digitaliapublishing.com/a/55120/ |
| 910 | _aPremium Collection: 2022 | ||
| 942 | _cRAA | ||
| 999 |
_c254110 _d254110 |
||